Elektronické brzdové systémy motorových vozidiel

Salvato in:
Dettagli Bibliografici
Autore principale: Bebjak, Juraj, 1988- (Autore)
Altri autori: Matej, Juraj, 1981- (Relatore della tesi)
Natura: Manoscritto Libro
Lingua:slovacco
Pubblicazione: Bratislava : STU v Bratislave FEI, 2010
Soggetti:
Accesso online:VAIS
Tags: Aggiungi Tag
Nessun Tag, puoi essere il primo ad aggiungerne!!

MARC

LEADER 00000ntm a22000003a 4500
001 stu212883
005 20150617230130.4
008 101014s2010----xo------------------slo-d
040 |a STU  |b slo 
041 0 |a slo 
044 |a xo 
100 1 |a Bebjak, Juraj,  |d 1988-  |4 aut  |u E  |T FEI Fakulta elektrotechniky a informatiky  |X 51373  |U E  |Y 30  |7 A000051373 
242 0 0 |a Automotive electronic brake systems  |y eng 
245 1 |a Elektronické brzdové systémy motorových vozidiel 
260 |a Bratislava :  |b STU v Bratislave FEI,  |c 2010 
300 |a 50 s 
650 7 |a jazdná stabilita  |2 stusub 
650 7 |a brzdná dráha  |2 estusub 
650 7 |a ABS  |2 estusub 
650 7 |a ABS  |2 estusub 
650 7 |a automobilová elektronika  |2 stusub 
650 7 |a Automobile Electronics  |2 estusub 
700 1 |a Matej, Juraj,  |d 1981-  |4 ths  |u E020  |U FEI Fakulta elektrotechniky a informatiky  |T FEI Ústav elektroenergetiky a aplikovanej elektrotechniky  |X 10296  |U E020  |Y 548  |7 A000010296 
856 4 |a info a plný text  |u http://is.stuba.sk/zp/portal_zp.pl?podrobnosti=51014  |3 VAIS